Metabolismo basal (Record no. 62968)

MARC details
000 -LEADER
campo de control de longitud fija 00867nam a2200217 i 4500
001 - NÚMERO DE CONTROL
campo de control 62968
003 - IDENTIFICADOR DE NÚMERO DE CONTROL
campo de control ES-MaACL
005 - FECHA Y HORA DE LA ÚLTIMA TRANSACCIÓN
campo de control 20231228062650.0
007 - CAMPO FIJO DE DESCRIPCIÓN FÍSICA--INFORMACIÓN GENERAL
campo de control de longitud fija t|
008 - DATOS DE LONGITUD FIJA--INFORMACIÓN GENERAL
campo de control de longitud fija 031127s1953 sp |||| | spa d
100 1# - ENTRADA PRINCIPAL--NOMBRE DE PERSONA
Nombre de persona Fernández Noguera, Jesús.
9 (RLIN) 49957
245 10 - MENCIÓN DEL TÍTULO
Título Metabolismo basal
Resto del título : fundamentos, métodos, interpretación : (con un apéndice sobre acción específica) /
Mención de responsabilidad, etc. por Jesús Fernández Noguera ; prólogo de Gregorio Marañón.
260 ## - PUBLICACIÓN, DISTRIBUCIÓN, ETC.
Lugar de publicación, distribución, etc. Barcelona :
Nombre del editor, distribuidor, etc. Científico-Médica,
Fecha de publicación, distribución, etc. 1953 (
Fabricante Grijelmo)
300 ## - DESCRIPCIÓN FÍSICA
Extensión XX, 520 p., 3 gráf. :
Otras características físicas il. ;
Dimensiones 24 cm.
500 ## - NOTA GENERAL
Nota general Precede al tít.: Instituto de Patología Médica.
650 04 - PUNTO DE ACCESO ADICIONAL DE MATERIA--TÉRMINO DE MATERIA
Término de materia o nombre geográfico como elemento de entrada Metabolismo.
9 (RLIN) 15010
700 1# - ENTRADA AGREGADA--NOMBRE PERSONAL
Nombre de persona Marañón, Gregorio,
Fechas asociadas al nombre 1887-1960
9 (RLIN) 76311
710 2# - ENTRADA AGREGADA--NOMBRE DE ENTIDAD CORPORATIVA
Nombre de entidad corporativa o nombre de jurisdicción como elemento de entrada Instituto de Patologia Médica del Hospital General de Madrid.
9 (RLIN) 166436
852 ## - LOCALIZACIÓN
Ubicación ES-MaACL
Número de control de estantería C-5899
Holdings
Estatus retirado Estado de pérdida Estado de daño No para préstamo Biblioteca de origen Biblioteca actual Ubicación en estantería Fecha de adquisición Fuente de adquisición Total de préstamos Signatura topográfica completa Código de barras Visto por última vez Precio de reemplazo Tipo de ítem Koha
        Biblioteca del Ateneo de Madrid Biblioteca del Ateneo de Madrid Sala Palomar 17/01/2008     C-5899 1066013 23/02/2023 23/02/2023 Libro impreso